ঢ়
ক্ষ
ড়
ঢ়
য়
র-ফলা‌‌‌
 
 
য-ফলা
ি
 
 
রেফ
 
 
 
যুক্ত করুন/হসন্ত
Space
Enter

Communication systems / (Record no. 3571)

000 -LEADER
fixed length control field 00761nam a2200253 a 4500
001 - CONTROL NUMBER
control field 18985
003 - CONTROL NUMBER IDENTIFIER
control field BD-DhUAP
005 - DATE AND TIME OF LATEST TRANSACTION
control field 20200309113942.0
008 - FIXED-LENGTH DATA ELEMENTS--GENERAL INFORMATION
fixed length control field 200309t20102012ii a 001 0 eng d
020 ## - INTERNATIONAL STANDARD BOOK NUMBER
International Standard Book Number 9788126521517
040 ## - CATALOGING SOURCE
Original cataloging agency BD-DhUAP
Language of cataloging Eng
Transcribing agency BD-DhUAP
Modifying agency BD-DhUAP
082 00 - DEWEY DECIMAL CLASSIFICATION NUMBER
Classification number 621.382 HAY
Edition number 23
100 1# - MAIN ENTRY--PERSONAL NAME
Personal name Haykin, Simon.
245 10 - TITLE STATEMENT
Title Communication systems /
Statement of responsibility, etc. Simon Haykin and Michael Moher.
250 ## - EDITION STATEMENT
Edition statement 5th ed.
260 ## - PUBLICATION, DISTRIBUTION, ETC.
Place of publication, distribution, etc. New Delhi :
Name of publisher, distributor, etc. Wiley,
Date of publication, distribution, etc. c2010 [Reprinted 2012].
300 ## - PHYSICAL DESCRIPTION
Extent xi, 422 pages :
Other physical details illustrations ;
Dimensions 26 cm.
504 ## - BIBLIOGRAPHY, ETC. NOTE
Bibliography, etc. note Includes bibliographical references and index.
650 #0 - SUBJECT ADDED ENTRY--TOPICAL TERM
Topical term or geographic name entry element Telecommunication.
650 #0 - SUBJECT ADDED ENTRY--TOPICAL TERM
Topical term or geographic name entry element Signal theory (Telecommunication)
700 ## - ADDED ENTRY--PERSONAL NAME
Personal name Moher, Michael.
942 00 - ADDED ENTRY ELEMENTS (KOHA)
Source of classification or shelving scheme
Koha item type Book
Holdings
Withdrawn status Lost status Source of classification or shelving scheme Damaged status Not for loan Permanent Location Current Location Shelving location Date acquired Full call number Barcode Date last seen Copy number Price effective from Koha item type Total Checkouts Total Renewals Date last checked out
          UAP Central Library UAP Central Library General Stacks 2020-03-09 621.382 HAY 3010018985 2020-03-09 1 2020-03-09 Book      
          UAP Central Library UAP Central Library General Stacks 2020-03-09 621.382 HAY 3010019970 2020-03-09 2 2020-03-09 Book      
          UAP Central Library UAP Central Library General Stacks 2020-03-09 621.382 HAY 3010018983 2026-03-12 3 2020-03-09 Book 2 2 2026-03-04
          UAP Central Library UAP Central Library General Stacks 2020-03-10 621.382 HAY 3010018984 2020-03-10 4 2020-03-10 Book      
          UAP Central Library UAP Central Library General Stacks 2020-03-15 621.382 HAY 3010016388 2020-03-15 5 2020-03-15 Book      
          UAP Central Library UAP Central Library General Stacks 2020-03-15 621.382 HAY 3010016387 2020-03-15 6 2020-03-15 Book      

All rights reserved © UAP Central Library,
University of Asia Pacific.